000 00412nam a2200133Ia 4500
008 211109s9999||||xx |||||||||||||| ||und||
082 _a494.8115
_bMEE-F
100 _aMeenakshi Sundaran, T P
245 0 _aForeign Models in Tamil Grammar
260 _bJ.M.Dent & Sons Ltd
_aMisplace
_c1977
630 _xGeneral Stack
650 _aAltaic, Uralic, Hyperborean & Dravidian
_vTamil
_xGrammarGeneralia
942 _cBOOK
999 _c69217
_d69217